000 00784nam a2200253 i 4500
003 DO-SdBNP
005 20241014095739.0
007 ta
008 241010b2012 xxu||||| |||| 00| 0 spa d
020 _a9781475151220
040 _aDO-SdBNP
_bspa
_cBNPHU
_erda
082 4 _222
100 _aCamilo, Pedro,
_d1947-
_eautor
_4aut.
_916454
245 1 0 _aUn hombre en ruicala :
_bcuentos /
_cPedro Camilo
264 4 _aEstados Unidos :
_bEditorail Genesis Publisher,
_c@2012.
300 _a159 páginas :
_c23 cm.
336 _atexto
_btxt
_2rdacontent
337 _asin mediación
_bn
_2rdamedia
338 _avolumen
_bnc
_2rdacarrier
500 _aIncluye datos biográficos del autor en la contracubierta
590 _aInventariado, 2024/BT
910 _aBtavárez
942 _2ddc
_cLBS1
999 _c57813
_d57813